000 00631cam a2200205 4500500
005 20260329005517.0
041 _afre
042 _adc
100 1 0 _aWolff, Francis
_eauthor
245 0 0 _aLa vie a-t-elle vraiment une valeur ? L’essai libre de Francis Wolff
260 _c2023.
500 _a19
690 _aFrancis Wolff
690 _aHumanisme
690 _aSpécisme
690 _aValeur
690 _aVivant
786 0 _nPhilosophie magazine | 175 | 12 | 2023-12-01 | p. 40-41 | 1951-1787
856 4 1 _uhttps://shs.cairn.info/magazine-philosophie-magazine-2023-12-1-page-40?lang=fr&redirect-ssocas=7080
999 _c1844076
_d1844076